Investigacion y educacion/ (Registro nro. 8737)

Detalles MARC
000 -LEADER
fixed length control field 00996nam a2200193Ia 4500
005 - FECHA Y HORA DE LA ÚLTIMA TRANSACCIÓN
control field 20241202182304.0
008 - FIXED-LENGTH DATA ELEMENTS--GENERAL INFORMATION
fixed length control field 230725s9999 xx 000 0 und d
040 ## - CATALOGING SOURCE
Original cataloging agency UPAN
Transcribing agency Biblioteca San Vicente
Description conventions RCAA2
041 ## - LANGUAGE CODE
Language code of text/sound track or separate title spa
082 ## - DEWEY DECIMAL CLASSIFICATION NUMBER
Classification number 371.007
Item number H396i
año de publicación 1969
100 ## - MAIN ENTRY--PERSONAL NAME
Personal name Hayman, John L.
Relator code aut.
245 #0 - TITLE STATEMENT
Title Investigacion y educacion/
Remainder of title John L. Hayman
250 ## - EDITION STATEMENT
Edition statement 1° ed.
260 ## - PUBLICATION, DISTRIBUTION, ETC. (IMPRINT)
Place of publication, distribution, etc Argentina:
Name of publisher, distributor, etc Paidós,
Date of publication, distribution, etc 1969
300 ## - PHYSICAL DESCRIPTION
Extent 194 p.;
Dimensions 19 cm.
505 ## - FORMATTED CONTENTS NOTE
Formatted contents note Capitulo 1. Introducción<br/>Capitulo 2. Construcción de la teoría e investigación educacional<br/>Capitulo 3. Identificación de un problema y planteamiento de un estudio<br/>Capitulo 4. Revisión de la literatura <br/>Capitulo 5. Algunos problemas generales en el diseño de una investigación <br/>Capitulo 6. Investigación histórica <br/>Capitulo 7. Métodos de observación <br/>Capitulo 8. La encuesta <br/>Capitulo 9. Anàlisis de contenido <br/>Capitulo 10. El Experimento
650 ## - SUBJECT ADDED ENTRY--TOPICAL TERM
Source of heading or term LEMB
Topical term or geographic name as entry element Investigación
General subdivision Educación
9 (RLIN) 3
942 ## - ADDED ENTRY ELEMENTS (KOHA)
Koha item type Libros
Source of classification or shelving scheme Dewey Decimal Classification
Existencias
Withdrawn status Lost status Source of classification or shelving scheme Damaged status Not for loan Collection code Home library Current library Date acquired Total Checkouts Full call number Barcode Date last seen Copy number Price effective from Koha item type
    Dewey Decimal Classification     Colección General Biblioteca UPAN San Vicente Biblioteca UPAN San Vicente 25/07/2023   371.007 H396i 12001293 25/07/2023 01 25/07/2023 Libros